000 00609nam a22002177a 4500
003 OSt
005 20160616142241.0
008 160616b xxu||||| |||| 00| 0 eng d
020 _a9780340925621
040 _cDNLM
082 _aWG330 B43c 2006
100 _aBennett, David H.
_94914
245 _aCardiac Arrhythmias: practical notes on interpretation and Treatment
250 _a7th ed.
260 _aLondon; Hodder Arnold, 2006
300 _a411p; col.ill: 23.5cm
504 _aIndex included
650 _aCardiac Arrhythmias
_99417
650 _aCardiovascular system
_95890
942 _2z
_cO_SHELF
999 _c4373
_d4373